[Event "23rd EUR-ch"]
[Site "Vrnjacka Banja SRB"]
[Date "2023.03.03"]
[Round "1.143"]
[White "Efremov, Vladislav"]
[Black "Samadov, Read"]
[Result "1/2-1/2"]
[WhiteElo "2120"]
[BlackElo "2471"]
[EventDate "2023.03.03"]
[PlyCount "177"]

1.d4 Nf6 2.c4 e6 3.Nf3 d5 4.Nc3 Bb4 5.Bg5 h6 6.Bxf6 Qxf6 7.e3 O-O 8.Rc1 
Nc6 9.cxd5 exd5 10.Bd3 Ne7 11.Qb3 Ba5 12.Qa3 Bb6 13.Na4 Bf5 14.Bxf5 Nxf5 
15.O-O c6 16.Ne5 Rfe8 17.Qb4 Qd6 18.Qxd6 Nxd6 19.Nc5 Bxc5 20.Rxc5 a5 21.a4
Ra6 22.b3 f6 23.Nd3 Rb6 24.Nc1 Ra8 25.Rc3 Kf7 26.f3 Re8 27.Kf2 Ra6 28.Nd3 
Re7 29.g4 Ra8 30.Nf4 Rae8 31.h4 g5 32.Ng2 f5 33.gxf5 Nxf5 34.hxg5 hxg5 35.
Rh1 Kg6 36.Rd3 Rf8 37.Rh3 Rfe8 38.Ke2 Rh7 39.Rxh7 Kxh7 40.Rd2 Kg6 41.Kf2 
Rh8 42.Rb2 Rh2 43.Kg1 Rh3 44.Kf2 Kf6 45.b4 axb4 46.Rxb4 Nd6 47.Rb1 Kf5 48.
Ne1 Rh2+ 49.Ng2 g4 50.a5 Rh3 51.e4+ dxe4 52.fxg4+ Kxg4 53.a6 bxa6 54.Rb6 
Nf5 55.Rxc6 Rf3+ 56.Kg1 a5 57.Rg6+ Kh5 58.Ra6 Ra3 59.d5 Ra4 60.Kh2 Ra2 61.
Kh3 Ra3+ 62.Kh2 Kg5 63.Re6 Ra4 64.d6 Rd4 65.Re5 a4 66.Ra5 Kg4 67.d7 Rxd7 
68.Rxa4 Ng3 69.Ra8 Rh7+ 70.Kg1 Rh1+ 71.Kf2 Rf1+ 72.Ke3 Rf3+ 73.Kd4 Rd3+ 
74.Ke5 Rb3 75.Rf8 Ra3 76.Kd4 Rd3+ 77.Ke5 Ra3 78.Kd4 Ra4+ 79.Ke5 Kh3 80.Ne3
Ra5+ 81.Kf4 Rh5 82.Rg8 Rh4+ 83.Rg4 Nh5+ 84.Kf5 Rxg4 85.Nxg4 Ng3+ 86.Kf4 
Kg2 87.Nf6 Kf2 88.Nxe4+ Nxe4 89.Kxe4 1/2-1/2

[Event "23rd EUR-ch"]
[Site "Vrnjacka Banja SRB"]
[Date "2023.03.03"]
[Round "1.144"]
[White "Saraci, Nderim"]
[Black "Kostov, Deyan Samuil"]
[Result "1/2-1/2"]
[WhiteElo "2469"]
[BlackElo "2120"]
[EventDate "2023.03.03"]
[PlyCount "69"]

1.d4 d5 2.Nf3 Nf6 3.g3 Bf5 4.Bg2 e6 5.O-O h6 6.c4 c6 7.Qb3 Qb6 8.c5 Qc7 9.
Bf4 Qc8 10.Nc3 Be7 11.Rac1 O-O 12.Nd2 Nbd7 13.e4 Nxe4 14.Ncxe4 dxe4 15.
Nxe4 Bxe4 16.Bxe4 Bg5 17.Bxg5 hxg5 18.Qe3 Qd8 19.b4 Nf6 20.Bg2 Nd5 21.Qb3 
Qf6 22.Rfd1 a6 23.a4 Nc7 24.Bf1 Rfd8 25.Qb2 Rd7 26.Rd2 Rad8 27.Rcd1 g6 28.
Be2 Qg7 29.Kg2 e5 30.dxe5 Rxd2 31.Rxd2 Rxd2 32.Qxd2 Qxe5 33.Qd8+ Kg7 34.
Bf3 Ne6 35.Qe7 1/2-1/2

[Event "23rd EUR-ch"]
[Site "Vrnjacka Banja SRB"]
[Date "2023.03.03"]
[Round "1.145"]
[White "Todev, Simeon"]
[Black "Bronstein, Or"]
[Result "0-1"]
[WhiteElo "2119"]
[BlackElo "2465"]
[EventDate "2023.03.03"]
[PlyCount "50"]

1.e4 c5 2.Nf3 d6 3.Bb5+ Nd7 4.O-O a6 5.Bxd7+ Bxd7 6.c3 Nf6 7.Re1 e6 8.d4 
h6 9.dxc5 dxc5 10.e5 Nh7 11.Bf4 Be7 12.Nbd2 g5 13.Bg3 g4 14.Nh4 Bxh4 15.
Qxg4 Bxg3 16.Qg7 Bxe5 17.Qxe5 Qf6 18.Qxc5 Qg5 19.Qd4 Rg8 20.g3 Bc6 21.Re5 
Qd8 22.Qf4 Ng5 23.Kf1 Qd3+ 24.Ke1 O-O-O 25.Qe3 Qxd2+ 0-1

[Event "23rd EUR-ch"]
[Site "Vrnjacka Banja SRB"]
[Date "2023.03.03"]
[Round "1.146"]
[White "Pajeken, Jakob Leon"]
[Black "Krunic, Dusan"]
[Result "1/2-1/2"]
[WhiteElo "2465"]
[BlackElo "2116"]
[EventDate "2023.03.03"]
[PlyCount "124"]

1.d4 d5 2.c4 e5 3.dxe5 d4 4.Nf3 Nc6 5.a3 Nge7 6.b3 a5 7.Bb2 Nf5 8.Nbd2 g5 
9.Ne4 Bg7 10.g4 Nh4 11.Nxh4 gxh4 12.f4 Bxg4 13.Qd3 h3 14.Bxh3 Qh4+ 15.Nf2 
Bxh3 16.Qxh3 Qxf4 17.Nd3 Qh6 18.Qxh6 Bxh6 19.O-O Be3+ 20.Kh1 Rg8 21.Rf5 
Rg7 22.Raf1 Ne7 23.R5f3 Ra6 24.Rf6 Re6 25.Rxe6 fxe6 26.Nc5 Rg6 27.Nxb7 Nc6
28.Nc5 Nxe5 29.Bc1 Ng4 30.h3 Bxc1 31.Rxc1 Ne3 32.Rg1 Ke7 33.Rxg6 hxg6 34.
a4 e5 35.Kg1 Kd6 36.Nb7+ Kc6 37.Nxa5+ Kb6 38.b4 c5 39.Nb3 cxb4 40.c5+ Kc6 
41.Kf2 Nd1+ 42.Kf3 Nc3 43.a5 Kb5 44.h4 Na4 45.a6 Kxa6 46.Ke4 Kb5 47.Kxe5 
Nxc5 48.Nxd4+ Kc4 49.Nc6 b3 50.Na5+ Kc3 51.Nxb3 Nxb3 52.Kf6 Kd4 53.Kxg6 
Ke5 54.h5 Nd4 55.h6 Ne6 56.e3 Nf8+ 57.Kg7 Ne6+ 58.Kf7 Ng5+ 59.Kg7 Ne6+ 60.
Kh8 Kf6 61.Kg8 Ng5 62.e4 Nxe4 1/2-1/2

[Event "23rd EUR-ch"]
[Site "Vrnjacka Banja SRB"]
[Date "2023.03.03"]
[Round "1.147"]
[White "Simonovic, Miroslav"]
[Black "Kaasen, Tor Fredrik"]
[Result "0-1"]
[WhiteElo "2115"]
[BlackElo "2464"]
[EventDate "2023.03.03"]
[PlyCount "96"]

1.d4 Nf6 2.Bg5 d5 3.Bxf6 exf6 4.e3 Bd6 5.c4 dxc4 6.Bxc4 O-O 7.Ne2 f5 8.O-O
Nd7 9.Bd5 Nf6 10.Bf3 Rb8 11.Nbc3 b5 12.a3 Bd7 13.b4 a5 14.Qb3 c6 15.Rfd1 
Qc7 16.g3 h5 17.h4 Rfd8 18.Rac1 Qa7 19.Rc2 g6 20.Nc1 Rbc8 21.Rcd2 Re8 22.
Kg2 Ne4 23.Rd3 Qb8 24.N1e2 Be6 25.d5 cxd5 26.Nxd5 Be5 27.Nef4 a4 28.Qb1 
Bxf4 29.Bxe4 fxe4 30.Nf6+ Kg7 31.Nxe8+ Rxe8 32.R3d2 Be5 33.Rc1 Bc4 34.Qxe4
Bb2 35.Rxc4 Rxe4 36.Rxe4 Qb7 37.f3 Bxa3 38.Ra2 Bc1 39.Rc2 Qd5 40.Rd4 Qb3 
41.Rc8 Qa2+ 42.Kh1 Bxe3 43.Rd1 Qe2 44.Rcd8 Qxf3+ 45.Kh2 Bf2 46.Rg1 Bxg1+ 
47.Kxg1 a3 48.g4 a2 0-1

[Event "23rd EUR-ch"]
[Site "Vrnjacka Banja SRB"]
[Date "2023.03.03"]
[Round "1.148"]
[White "Kurmann, Oliver"]
[Black "Janjic, Stefan"]
[Result "1-0"]
[WhiteElo "2464"]
[BlackElo "2115"]
[EventDate "2023.03.03"]
[PlyCount "130"]

1.e4 c5 2.Nf3 e6 3.d4 cxd4 4.Nxd4 Nf6 5.Nc3 Nc6 6.a3 d5 7.Bb5 Bd7 8.exd5 
Nxd5 9.Nxd5 exd5 10.O-O Be7 11.Be3 Bf6 12.Be2 O-O 13.Re1 Ne5 14.b3 Rc8 15.
Qd2 Ng4 16.Bxg4 Bxg4 17.Rac1 Re8 18.a4 a6 19.c3 Qa5 20.f3 Be6 21.Bg5 Bxd4+
22.Qxd4 Qc5 23.Be3 Qxd4 24.Bxd4 Bd7 25.Kf2 Rxe1 26.Rxe1 Re8 27.Ra1 f6 28.
g4 Kf7 29.Bb6 Be6 30.h3 h5 31.a5 hxg4 32.hxg4 Rh8 33.Kg3 Rc8 34.Bd4 g5 35.
Rh1 Kg6 36.f4 gxf4+ 37.Kxf4 Re8 38.Rh5 Bf7 39.Rf5 Re4+ 40.Kf3 Re6 41.Kg3 
Bg8 42.Kh4 Rd6 43.Rh5 Rd7 44.Kg3 Be6 45.Rh8 Rc7 46.Rf8 Rf7 47.Re8 Bd7 48.
Rb8 Be6 49.Kf4 Rc7 50.Rf8 Bf7 51.Rd8 Re7 52.Kf3 Be6 53.Rd6 f5 54.gxf5+ 
Kxf5 55.Rb6 Rh7 56.Ke3 Rh3+ 57.Kd2 Rh2+ 58.Kc1 Rh7 59.Kb2 Re7 60.Ka3 Bc8 
61.Rd6 Rd7 62.Rh6 Rf7 63.Kb4 Re7 64.Kc5 Be6 65.Kb6 Bc8 1-0

[Event "23rd EUR-ch"]
[Site "Vrnjacka Banja SRB"]
[Date "2023.03.03"]
[Round "1.149"]
[White "Roebers, Jan"]
[Black "Sousa, Andre Ventura"]
[Result "0-1"]
[WhiteElo "2113"]
[BlackElo "2464"]
[EventDate "2023.03.03"]
[PlyCount "60"]

1.e4 c5 2.Nf3 d6 3.d4 cxd4 4.Nxd4 Nf6 5.Nc3 a6 6.f4 e5 7.Nf3 Nbd7 8.a4 Qc7
9.Bd3 Be7 10.O-O O-O 11.a5 Nc5 12.Kh1 Re8 13.Qe1 Bd7 14.fxe5 dxe5 15.Nh4 
Nxd3 16.cxd3 Qd8 17.Nf5 Bxf5 18.Rxf5 Qxd3 19.Bg5 h6 20.Bxf6 Bxf6 21.Rxf6 
gxf6 22.Nd5 Re6 23.Ra3 Qc2 24.Rc3 Qxb2 25.h3 Rc6 26.Rg3+ Kf8 27.Kh2 Rd8 
28.Qe3 f5 29.Qf3 fxe4 30.Qxe4 Qd4 0-1

[Event "23rd EUR-ch"]
[Site "Vrnjacka Banja SRB"]
[Date "2023.03.03"]
[Round "1.150"]
[White "Isik, Alparslan"]
[Black "Hamiti, Gani"]
[Result "1/2-1/2"]
[WhiteElo "2462"]
[BlackElo "2112"]
[EventDate "2023.03.03"]
[PlyCount "121"]

1.Nf3 d5 2.c4 Nf6 3.cxd5 Nxd5 4.d4 e6 5.e4 Nf6 6.Nc3 c5 7.d5 exd5 8.e5 Ne4
9.Nxe4 dxe4 10.Qxd8+ Kxd8 11.Ng5 Be6 12.Nxe6+ fxe6 13.Bc4 Nc6 14.Bf4 Nd4 
15.O-O-O Kc7 16.Rhe1 Be7 17.Rxe4 b5 18.Bf1 a6 19.Be3 Nc6 20.Kb1 Rad8 21.
Rc1 Rd5 22.g3 Rhd8 23.Bh3 Kd7 24.f4 g6 25.Bg4 Nd4 26.Bf2 h5 27.Bh3 Nf5 28.
Re2 Ke8 29.Be1 Rd1 30.Bg2 Rxc1+ 31.Kxc1 b4 32.Be4 Kf7 33.h3 a5 34.Rd2 Nd4 
35.Rf2 a4 36.Bd2 c4 37.Be3 b3 38.axb3 cxb3 39.Rd2 Rc8+ 40.Kd1 Nb5 41.Ke2 
a3 42.bxa3 Nc3+ 43.Kf3 Nxe4 44.Kxe4 Rb8 45.Bd4 Bxa3 46.Bb2 Bxb2 47.Rxb2 h4
48.gxh4 Kg7 49.Kd4 Kh6 50.Kc5 Kh5 51.Kd6 Rb6+ 52.Kc7 Rb5 53.Kd7 Rb6 54.Kc7
Rb5 55.Kd6 Rb6+ 56.Ke7 Kxh4 57.Kf6 Kxh3 58.Kxg6 Kg4 59.f5 exf5+ 60.Kf7 f4 
61.e6 1/2-1/2

[Event "23rd EUR-ch"]
[Site "Vrnjacka Banja SRB"]
[Date "2023.03.03"]
[Round "1.151"]
[White "Veleski, Robert"]
[Black "Vogel, Roven"]
[Result "0-1"]
[WhiteElo "2106"]
[BlackElo "2462"]
[EventDate "2023.03.03"]
[PlyCount "94"]

1.d4 Nf6 2.c4 e6 3.Nc3 Bb4 4.Nf3 O-O 5.Bg5 c5 6.Bxf6 Qxf6 7.e3 Nc6 8.Be2 
cxd4 9.exd4 Bxc3+ 10.bxc3 d6 11.O-O e5 12.Rb1 b6 13.Qd2 Re8 14.Bd1 Bf5 15.
Rb2 Na5 16.Rb4 Rac8 17.Ba4 Re7 18.Bb5 Bg4 19.dxe5 dxe5 20.Qd5 h6 21.Re1 e4
22.Rxe4 Bxf3 23.gxf3 Rxe4 24.Qxe4 Qxc3 25.Rb1 Nxc4 26.Bxc4 Qxc4 27.Qxc4 
Rxc4 28.Rb2 Ra4 29.Kg2 Kh7 30.Kg3 g5 31.Rc2 Kg6 32.Rc6+ f6 33.Rc2 b5 34.
Rb2 a6 35.Rc2 h5 36.h3 Kf5 37.Re2 h4+ 38.Kg2 b4 39.Re4 a5 40.Re2 Ra3 41.
Rc2 Rc3 42.Re2 Rc4 43.Rd2 Ke5 44.Kf1 a4 45.Ke2 b3 46.axb3 axb3 47.Ke3 Rc3+
0-1

[Event "23rd EUR-ch"]
[Site "Vrnjacka Banja SRB"]
[Date "2023.03.03"]
[Round "1.153"]
[White "Dimitrijevic, Dusan"]
[Black "Sanikidze, Tornike"]
[Result "0-1"]
[WhiteElo "2105"]
[BlackElo "2459"]
[EventDate "2023.03.03"]
[PlyCount "80"]

1.d4 Nf6 2.Bf4 g6 3.Nc3 d6 4.e4 Bg7 5.Qd2 O-O 6.O-O-O Nc6 7.Nf3 Bg4 8.Qe3 
Nh5 9.Bg5 Bxf3 10.gxf3 f6 11.Bh6 e5 12.Ne2 Bxh6 13.Qxh6 Qe7 14.Rg1 Qg7 15.
Qe3 Kh8 16.Bh3 Qf7 17.d5 Ne7 18.Be6 Qe8 19.f4 Nxf4 20.Nxf4 exf4 21.Qxf4 
Nc6 22.Qh6 Ne5 23.f4 Nf7 24.Qh4 Kg7 25.Rd3 Qa4 26.Bf5 Rh8 27.Rdg3 Rag8 28.
a3 c6 29.Rb3 Qc4 30.Rxb7 Rb8 31.dxc6 Qxc6 32.Rxb8 Rxb8 33.Qg3 Qb7 34.Qc3 
Re8 35.b3 Kf8 36.Bh3 Qxe4 37.Kb2 Qxf4 38.Rf1 Qe5 39.Rxf6 Qxc3+ 40.Kxc3 
Re3+ 0-1

[Event "23rd EUR-ch"]
[Site "Vrnjacka Banja SRB"]
[Date "2023.03.03"]
[Round "1.155"]
[White "Leskovac, Nikola"]
[Black "Ghimpu, Samuel-Timotei"]
[Result "0-1"]
[WhiteElo "2103"]
[BlackElo "2459"]
[EventDate "2023.03.03"]
[PlyCount "46"]

1.e4 c5 2.Nf3 e6 3.b3 Nc6 4.g3 e5 5.Bg2 Nf6 6.Qe2 Be7 7.O-O O-O 8.Bb2 d6 
9.d3 Re8 10.c4 Bf8 11.h3 Bd7 12.Ne1 Nd4 13.Bxd4 exd4 14.g4 d5 15.g5 Nxe4 
16.dxe4 dxe4 17.Bxe4 Qxg5+ 18.Ng2 Bc6 19.Nd2 f5 20.h4 Qg6 21.h5 Qg5 22.f3 
Qxh5 23.Qd3 Bd6 0-1

[Event "23rd EUR-ch"]
[Site "Vrnjacka Banja SRB"]
[Date "2023.03.03"]
[Round "1.156"]
[White "Cabarkapa, Novak"]
[Black "Pogorelsky, Sofia"]
[Result "1-0"]
[WhiteElo "2458"]
[BlackElo "2102"]
[EventDate "2023.03.03"]
[PlyCount "79"]

1.Nf3 d5 2.g3 Nd7 3.d4 Nb6 4.Nbd2 Nf6 5.Bg2 h6 6.c4 c6 7.cxd5 cxd5 8.a4 
Bf5 9.Qb3 Rb8 10.a5 Nbd7 11.Nf1 b6 12.Bf4 Rc8 13.a6 e6 14.Ne3 Be4 15.Nd1 
g5 16.Be3 Bc2 17.Qa2 Bb4+ 18.Bd2 Qe7 19.O-O g4 20.Bxb4 Qxb4 21.Ne1 Bb3 22.
Nd3 Bxa2 23.Nxb4 Bb3 24.Nc3 Rc4 25.Nd3 Bc2 26.Nb5 Ke7 27.Ra3 Ba4 28.b3 
Bxb5 29.bxc4 Bxc4 30.Nb4 Kd6 31.Re1 Rb8 32.f3 Ke7 33.fxg4 Nxg4 34.e4 dxe4 
35.Rxe4 f5 36.Rf4 Rf8 37.d5 b5 38.dxe6 Kxe6 39.Nc2 Rd8 40.Ra1 1-0

[Event "23rd EUR-ch"]
[Site "Vrnjacka Banja SRB"]
[Date "2023.03.03"]
[Round "1.157"]
[White "Kosovic, Miroslav"]
[Black "Rozen, Eytan"]
[Result "0-1"]
[WhiteElo "2100"]
[BlackElo "2458"]
[EventDate "2023.03.03"]
[PlyCount "80"]

1.e4 c6 2.d4 d5 3.Nd2 dxe4 4.Nxe4 Bf5 5.Ng3 Bg6 6.Nf3 Nd7 7.h4 h6 8.h5 Bh7
9.Bd3 Bxd3 10.Qxd3 e6 11.Bd2 Ngf6 12.O-O-O Be7 13.Kb1 O-O 14.Ne4 Nxe4 15.
Qxe4 Nf6 16.Qe2 Qd5 17.c4 Qf5+ 18.Ka1 b5 19.Ne5 bxc4 20.g4 Qe4 21.Qxe4 
Nxe4 22.Nxc6 Bf6 23.Be3 Rfc8 24.Ne5 c3 25.bxc3 Nxc3 26.Rc1 Nd5 27.Bd2 Rd8 
28.Nf3 Rab8 29.Rb1 Nb6 30.Be3 Rd5 31.Rhc1 Rbd8 32.Rc7 e5 33.Rxa7 exd4 34.
Bc1 Nc4 35.Rb4 d3+ 36.Kb1 d2 37.Bxd2 Nxd2+ 38.Nxd2 Rxd2 39.Kc1 Rxf2 40.a4 
Bg5+ 0-1

[Event "23rd EUR-ch"]
[Site "Vrnjacka Banja SRB"]
[Date "2023.03.03"]
[Round "1.158"]
[White "Nevednichy, Vladislav"]
[Black "Stanojevic, Ilija"]
[Result "1-0"]
[WhiteElo "2457"]
[BlackElo "2096"]
[EventDate "2023.03.03"]
[PlyCount "73"]

1.e4 e5 2.Nf3 Nc6 3.Bc4 Bc5 4.d3 Nf6 5.O-O O-O 6.Bg5 h6 7.Bh4 Be7 8.Bg3 d6
9.a4 Bg4 10.h3 Bh5 11.c3 d5 12.exd5 Nxd5 13.a5 a6 14.Nbd2 b5 15.axb6 Nxb6 
16.Bxa6 Rxa6 17.Rxa6 Qxd3 18.Ra1 e4 19.Ne5 Bxd1 20.Nxd3 Be2 21.Ne5 Nxe5 
22.Rfe1 Bd3 23.Bxe5 f5 24.Bxc7 Nd5 25.Be5 Bc5 26.Nb3 Bb6 27.Bd4 Rb8 28.
Bxb6 Rxb6 29.Ra3 f4 30.Nc5 Rxb2 31.Nxd3 exd3 32.Rd1 f3 33.g3 d2 34.c4 Nb4 
35.Ra8+ Kf7 36.Rd8 Rc2 37.R8xd2 1-0

[Event "23rd EUR-ch"]
[Site "Vrnjacka Banja SRB"]
[Date "2023.03.03"]
[Round "1.159"]
[White "Horvat, Damjan"]
[Black "Soffer, Ram"]
[Result "0-1"]
[WhiteElo "2095"]
[BlackElo "2456"]
[EventDate "2023.03.03"]
[PlyCount "106"]

1.Nf3 d5 2.b3 c5 3.e3 Nf6 4.Bb2 g6 5.d4 cxd4 6.Nxd4 Bg7 7.Be2 Qa5+ 8.Qd2 
Qb6 9.Nc3 O-O 10.O-O Bd7 11.Rfd1 Na6 12.Nf3 e6 13.Ne5 Nc5 14.Nxd7 Nfxd7 
15.Na4 Nxa4 16.Bxg7 Kxg7 17.bxa4 Nf6 18.c4 Rfd8 19.a5 Qc7 20.Qb4 dxc4 21.
Bxc4 Qe5 22.Be2 Rac8 23.Bf3 Rc5 24.h3 Rb5 25.Qe7 Rd7 26.Rxd7 Qxa1+ 27.Rd1 
Rb1 28.Rxb1 Qxb1+ 29.Kh2 Qxa2 30.Qc5 b6 31.axb6 axb6 32.Qxb6 Qxf2 33.Qd4 
g5 34.Qe5 h6 35.Qd4 Qc2 36.Qe5 Kg6 37.Kg1 h5 38.g4 h4 39.Bg2 Qd1+ 40.Kf2 
Qc2+ 41.Kf1 Qd3+ 42.Kf2 Qd2+ 43.Kf1 Qd8 44.Kg1 Kh6 45.Bf3 Nh7 46.Be4 Qf6 
47.Qb8 Kg7 48.Bxh7 Kxh7 49.Kg2 Kg7 50.Qd6 Qb2+ 51.Kg1 Qb1+ 52.Kf2 Qe4 53.
Qc7 Qd5 0-1

[Event "23rd EUR-ch"]
[Site "Vrnjacka Banja SRB"]
[Date "2023.03.03"]
[Round "1.160"]
[White "Grieve, Harry"]
[Black "Pantic, Ivica"]
[Result "1-0"]
[WhiteElo "2455"]
[BlackElo "2091"]
[EventDate "2023.03.03"]
[PlyCount "55"]

1.e4 Nf6 2.e5 Nd5 3.d4 d6 4.c4 Nb6 5.f4 dxe5 6.fxe5 Bf5 7.Nc3 e6 8.Nf3 Be7
9.Be3 O-O 10.Bd3 Bxd3 11.Qxd3 c5 12.d5 exd5 13.cxd5 c4 14.Qe4 Bb4 15.Ng5 
g6 16.Rd1 Re8 17.O-O f5 18.exf6 Rxe4 19.Ncxe4 Qd7 20.f7+ Kg7 21.Bd4+ Kh6 
22.Rf4 Kh5 23.g3 Qg4 24.Nf6+ Kxg5 25.Rxg4+ Kh6 26.Ng8+ Kh5 27.Rh4+ Kg5 28.
Bf6+ 1-0

[Event "23rd EUR-ch"]
[Site "Vrnjacka Banja SRB"]
[Date "2023.03.03"]
[Round "1.161"]
[White "Sekelja, Marko"]
[Black "Gurel, Ediz"]
[Result "0-1"]
[WhiteElo "2089"]
[BlackElo "2454"]
[EventDate "2023.03.03"]
[PlyCount "66"]

1.e4 c5 2.c3 Nf6 3.d4 Nxe4 4.f3 Nf6 5.dxc5 e6 6.b4 d6 7.cxd6 Bxd6 8.Qd3 
O-O 9.Bg5 Be7 10.Qc2 h6 11.Bd2 Nc6 12.Nh3 a5 13.b5 Ne5 14.Be2 Bc5 15.Nf2 
Nd5 16.O-O f5 17.c4 Nb4 18.Bxb4 axb4 19.Nd2 b6 20.Nb3 Be3 21.Kh1 Bb7 22.
Nd1 Bf4 23.g3 Bg5 24.Kg1 f4 25.g4 h5 26.gxh5 Bh6 27.Nd2 Qg5+ 28.Kh1 Qxh5 
29.Ne4 Ra3 30.Kg2 Qg6+ 31.Kf2 Bxe4 32.Qb2 Bxf3 33.Bxf3 Nd3+ 0-1

[Event "23rd EUR-ch"]
[Site "Vrnjacka Banja SRB"]
[Date "2023.03.03"]
[Round "1.163"]
[White "Shvedova, Alexandra"]
[Black "Sedlak, Nikola"]
[Result "1-0"]
[WhiteElo "2083"]
[BlackElo "2450"]
[EventDate "2023.03.03"]
[PlyCount "79"]

1.e4 e6 2.d4 d5 3.Nd2 c5 4.exd5 Qxd5 5.Ngf3 cxd4 6.Bc4 Qd6 7.O-O Nf6 8.Nb3
Nc6 9.Nbxd4 Nxd4 10.Nxd4 Be7 11.c3 O-O 12.Qe2 Bd7 13.Re1 a6 14.Bg5 Qc7 15.
Rad1 Rfe8 16.Bh4 Rad8 17.Bg3 Qa5 18.Be5 Ba4 19.b3 Bd7 20.Qf3 Bc8 21.h3 b5 
22.Bd3 Rd5 23.b4 Qb6 24.c4 bxc4 25.Bxc4 Rd7 26.Nc6 Bf8 27.a4 Bb7 28.b5 
axb5 29.axb5 Qc5 30.Rc1 Nd5 31.Bd3 Qb6 32.Bd4 Qc7 33.Ne5 Qd8 34.Nxd7 Qxd7 
35.Be4 Qxb5 36.Rb1 Qa5 37.Bxh7+ Kxh7 38.Qxf7 Re7 39.Qxf8 Qd2 40.Rxe6 1-0

[Event "23rd EUR-ch"]
[Site "Vrnjacka Banja SRB"]
[Date "2023.03.03"]
[Round "1.164"]
[White "Braun, Christian"]
[Black "Vujcic, Milena"]
[Result "1-0"]
[WhiteElo "2449"]
[BlackElo "2072"]
[EventDate "2023.03.03"]
[PlyCount "59"]

1.e4 e5 2.Nf3 Nc6 3.Bb5 a6 4.Ba4 Nf6 5.d3 d6 6.a3 g6 7.Nc3 Bg7 8.Nd5 Nd7 
9.b4 O-O 10.O-O f5 11.exf5 Rxf5 12.c3 Nf6 13.Bb3 Nxd5 14.Bxd5+ Kh8 15.h4 
Ne7 16.Bb3 d5 17.Bg5 c6 18.d4 e4 19.Ne5 Qe8 20.f3 exf3 21.Rxf3 h6 22.Bf4 
g5 23.hxg5 hxg5 24.Bg3 Qh5 25.Ra2 g4 26.Re3 Rf6 27.Bf4 Nf5 28.Rh3 Nh4 29.
Bg3 Nf3+ 30.Qxf3 1-0

[Event "23rd EUR-ch"]
[Site "Vrnjacka Banja SRB"]
[Date "2023.03.03"]
[Round "1.166"]
[White "Shubin, Kirill"]
[Black "Farkas, Sandor"]
[Result "1/2-1/2"]
[WhiteElo "2449"]
[BlackElo "2064"]
[EventDate "2023.03.03"]
[PlyCount "31"]

1.e4 c5 2.Nf3 d6 3.d4 cxd4 4.Nxd4 Nf6 5.Nc3 a6 6.h3 e5 7.Nb3 h5 8.Bg5 Be6 
9.f4 Be7 10.Qf3 Nc6 11.O-O-O Bxb3 12.axb3 Nd4 13.Rxd4 exd4 14.Bxf6 Bxf6 
15.Nd5 Qa5 16.Kb1 1/2-1/2

[Event "23rd EUR-ch"]
[Site "Vrnjacka Banja SRB"]
[Date "2023.03.03"]
[Round "1.167"]
[White "Jeremic, Milan"]
[Black "Nigalidze, Gaioz"]
[Result "0-1"]
[WhiteElo "2052"]
[BlackElo "2448"]
[EventDate "2023.03.03"]
[PlyCount "70"]

1.d4 Nf6 2.Nf3 c5 3.e3 d5 4.c4 cxd4 5.exd4 g6 6.Nc3 Bg7 7.Qb3 O-O 8.cxd5 
Nbd7 9.Be2 Nb6 10.O-O Nfxd5 11.h3 Be6 12.Nxd5 Bxd5 13.Qa3 Qd7 14.Be3 Bc4 
15.Rfe1 Bxe2 16.Rxe2 Rfc8 17.Qd3 Nd5 18.a3 Qf5 19.Qb3 Rc7 20.Rae1 Rd8 21.
Bd2 Qc2 22.Qa2 Qf5 23.Qb3 h6 24.Nh4 Qf6 25.Nf3 e6 26.Rc1 Qe7 27.Ree1 Rdc8 
28.Rxc7 Rxc7 29.Rc1 Rxc1+ 30.Bxc1 Qc7 31.Bd2 a6 32.Kf1 b5 33.Ke2 Qc6 34.
Qd3 Nb6 35.b3 Bf8 0-1

[Event "23rd EUR-ch"]
[Site "Vrnjacka Banja SRB"]
[Date "2023.03.03"]
[Round "1.168"]
[White "Stankovic, Milos"]
[Black "Grozdanovic, Anastasia"]
[Result "1-0"]
[WhiteElo "2447"]
[BlackElo "2050"]
[EventDate "2023.03.03"]
[PlyCount "119"]

1.e4 e5 2.Nf3 Nc6 3.Nc3 Nf6 4.Bb5 Bd6 5.d3 a6 6.Ba4 b5 7.Bb3 h6 8.a3 Bb7 
9.h3 Ne7 10.a4 b4 11.Ne2 c5 12.Ng3 Rc8 13.Nh4 Bb8 14.Nhf5 Nxf5 15.Nxf5 c4 
16.Bxc4 Bxe4 17.Bxf7+ Kxf7 18.dxe4 Qc7 19.O-O Qxc2 20.Nd6+ Bxd6 21.Qxd6 
Qxe4 22.Qxa6 Rc6 23.Qb5 Nd5 24.Rd1 Nc7 25.Qb7 Kg6 26.Rd6+ Kh7 27.Rxc6 Qxc6
28.Qxb4 d5 29.Bd2 Ne6 30.Rc1 Qa6 31.Qe7 Rf8 32.Re1 Qb6 33.Re2 Rf6 34.Qb4 
Nd4 35.Rxe5 Qxb4 36.Bxb4 Nc6 37.Rxd5 Nxb4 38.Rb5 Nd3 39.f3 Re6 40.a5 Re1+ 
41.Kh2 Ra1 42.Rb3 Nc5 43.Ra3 Rxa3 44.bxa3 Kg6 45.g4 Kf6 46.f4 Ke6 47.Kg3 
Kd5 48.Kf3 Kd4 49.f5 Kd5 50.Kf4 Nd3+ 51.Ke3 Ne5 52.a6 Kc6 53.Ke4 Nf7 54.h4
Kb6 55.Kd5 Kxa6 56.Ke6 Nd8+ 57.Ke7 Nc6+ 58.Kf7 Ne5+ 59.Kxg7 Nxg4 60.f6 1-0

[Event "23rd EUR-ch"]
[Site "Vrnjacka Banja SRB"]
[Date "2023.03.03"]
[Round "1.169"]
[White "Pousada Garcia, Daniel"]
[Black "Godena, Michele"]
[Result "0-1"]
[WhiteElo "2050"]
[BlackElo "2446"]
[EventDate "2023.03.03"]
[PlyCount "58"]

1.e4 e5 2.Nf3 Nc6 3.d4 exd4 4.Bc4 Nf6 5.e5 Ne4 6.Bd5 Nc5 7.O-O Ne6 8.Nbd2 
d6 9.Nb3 dxe5 10.Bxc6+ bxc6 11.Nxe5 Qd5 12.Qh5 g6 13.Qe2 Bg7 14.f4 a5 15.
Rd1 O-O 16.c4 Qd6 17.Qf3 a4 18.c5 Qd5 19.Qxd5 cxd5 20.Nxd4 Nxc5 21.Ndc6 
Re8 22.Rxd5 Ne4 23.Be3 Bb7 24.Rd7 Bxc6 25.Nxc6 a3 26.Ne5 axb2 27.Re1 Nc3 
28.Bd4 b1=Q 29.Rxb1 Nxb1 0-1

[Event "23rd EUR-ch"]
[Site "Vrnjacka Banja SRB"]
[Date "2023.03.03"]
[Round "1.170"]
[White "Stoyanov, Tsvetan"]
[Black "Kostic, Milutin B."]
[Result "1-0"]
[WhiteElo "2446"]
[BlackElo "2049"]
[EventDate "2023.03.03"]
[PlyCount "55"]

1.e4 c6 2.d4 d5 3.Nc3 dxe4 4.Nxe4 Nd7 5.Ng5 Ndf6 6.N1f3 Bg4 7.Be2 Bxf3 8.
Nxf3 e6 9.O-O Bd6 10.c4 Ne7 11.Qc2 Ng6 12.g3 O-O 13.Rd1 Qc7 14.Bd3 Rfe8 
15.b3 a6 16.Bb2 Rad8 17.a3 Qb8 18.Re1 Nd7 19.h4 Ndf8 20.h5 Ne7 21.Ng5 Bxg3
22.Bxh7+ Nxh7 23.Qxh7+ Kf8 24.h6 Nf5 25.hxg7+ Ke7 26.g8=Q Bxf2+ 27.Kf1 
Ng3+ 28.Kg2 1-0

[Event "23rd EUR-ch"]
[Site "Vrnjacka Banja SRB"]
[Date "2023.03.03"]
[Round "1.171"]
[White "Konstantinidis, Konstantinos"]
[Black "Erdogmus, Yagiz Kaan"]
[Result "0-1"]
[WhiteElo "2047"]
[BlackElo "2445"]
[EventDate "2023.03.03"]
[PlyCount "92"]

1.e4 c5 2.Nf3 d6 3.d4 cxd4 4.Nxd4 Nf6 5.Nc3 a6 6.h3 e5 7.Nde2 h5 8.g3 Be7 
9.Bg2 b5 10.O-O Bb7 11.Nd5 Nxd5 12.exd5 Nd7 13.a4 b4 14.a5 Rb8 15.Bd2 Bc8 
16.Ra4 b3 17.cxb3 Nc5 18.Rb4 Bf5 19.Rxb8 Qxb8 20.b4 Nd7 21.Bc3 O-O 22.Qd2 
Nf6 23.Kh2 Qb5 24.Rd1 Be4 25.Bxe4 Nxe4 26.Qe3 f5 27.Kg2 Rb8 28.f4 Bf6 29.
Qd3 Kf7 30.Qxb5 Rxb5 31.Kf3 g6 32.g4 h4 33.gxf5 gxf5 34.Ke3 Ke7 35.Kf3 Kd7
36.Nc1 Nxc3 37.bxc3 e4+ 38.Ke2 Bxc3 39.Rg1 Rxd5 40.Rg8 Rd2+ 41.Ke3 d5 42.
Nb3 d4+ 43.Nxd4 Rd3+ 44.Ke2 Bxd4 45.Rg6 Rxh3 46.Rxa6 Rh2+ 0-1

[Event "23rd EUR-ch"]
[Site "Vrnjacka Banja SRB"]
[Date "2023.03.03"]
[Round "1.173"]
[White "Lazic, Emanuel"]
[Black "Wachinger, Nikolas"]
[Result "1/2-1/2"]
[WhiteElo "2041"]
[BlackElo "2440"]
[EventDate "2023.03.03"]
[PlyCount "87"]

1.e4 c5 2.Nf3 d6 3.d4 cxd4 4.Nxd4 Nf6 5.Nc3 a6 6.f3 e5 7.Nb3 Be6 8.Be3 h5 
9.Qd2 Nbd7 10.Nd5 Bxd5 11.exd5 g6 12.Na5 Qc7 13.c4 Ng8 14.b4 Bh6 15.Bxh6 
Nxh6 16.Bd3 Ng8 17.O-O Ne7 18.Kh1 Rb8 19.Rfd1 b6 20.Nb3 O-O 21.Rac1 a5 22.
Qg5 Rfe8 23.bxa5 bxa5 24.c5 a4 25.cxd6 Qxd6 26.Na5 Nb6 27.Nc6 Rbc8 28.
Nxe7+ Rxe7 29.Rxc8+ Nxc8 30.Bb5 Ra7 31.Qe3 Ra5 32.Qc3 Rxb5 33.Qxc8+ Kg7 
34.Qc4 Rb4 35.Qe2 a3 36.h3 Rb2 37.Qc4 Qb6 38.Qc3 Qf2 39.Qxe5+ Kh7 40.Rg1 
Rxa2 41.Qe7 Kg7 42.Qe5+ Kh7 43.Qe7 Kg7 44.Qe5+ 1/2-1/2

[Event "23rd EUR-ch"]
[Site "Vrnjacka Banja SRB"]
[Date "2023.03.03"]
[Round "1.174"]
[White "Wadsworth, Matthew"]
[Black "Gusev, Mikhail"]
[Result "1-0"]
[WhiteElo "2439"]
[BlackElo "2039"]
[EventDate "2023.03.03"]
[PlyCount "69"]

1.Nf3 d5 2.g3 e6 3.Bg2 Nf6 4.O-O Be7 5.c4 O-O 6.b3 d4 7.d3 c5 8.e4 Nc6 9.
e5 Nd7 10.Qe2 Qc7 11.Re1 f6 12.exf6 Nxf6 13.Bf4 Bd6 14.Bxd6 Qxd6 15.Ne5 
Nxe5 16.Qxe5 Qb6 17.h3 Bd7 18.Nd2 Rae8 19.Re2 Bc6 20.Qd6 Bxg2 21.Qxb6 axb6
22.Kxg2 Nd7 23.Rae1 e5 24.Nf3 Kf7 25.Nxe5+ Nxe5 26.Rxe5 Rxe5 27.Rxe5 Kf6 
28.f4 Ra8 29.a4 Rd8 30.Kf3 h6 31.Ke4 Kf7 32.g4 g6 33.a5 bxa5 34.Rxc5 b6 
35.Rc7+ 1-0

[Event "23rd EUR-ch"]
[Site "Vrnjacka Banja SRB"]
[Date "2023.03.03"]
[Round "1.175"]
[White "Pantovic, Dragan M."]
[Black "Bulmaga, Irina"]
[Result "1-0"]
[WhiteElo "2038"]
[BlackElo "2438"]
[EventDate "2023.03.03"]
[PlyCount "42"]

1.d4 Nf6 2.c4 e6 3.Nf3 b6 4.g3 Bb7 5.Bg2 Bb4+ 6.Bd2 Be7 7.O-O c6 8.Qc2 d5 
9.b3 O-O 10.Rd1 Nbd7 11.Bf4 Rc8 12.Ne5 Nxe5 13.dxe5 Nd7 14.h4 Qc7 15.Qb2 
dxc4 16.bxc4 c5 17.Bxb7 Qxb7 18.Nc3 Nb8 19.Rd2 Nc6 20.Rad1 Nd4 21.Nb5 h6 
1-0